Statistics for Largest Cities in Georgia

Click here to take the quiz!

General Stats

  • This quiz has been taken 27 times
  • The average score is 2 of 5

Answer Stats

Answer% Correct
Tbilisi
100%
Batumi
55%
Kutaisi
30%
Rustavi
20%
Sukhumi
20%

Score Distribution

Percentile by Number Answered

Percent of People with Each Score

Your Score History

You have not taken this quiz